All US States by Satellite Image - Statistics

General Stats
  • This quiz has been taken 647 times
  • The average score is 28 of 50
Answer Stats
Picture Answer % Correct
Florida
91%
California
90%
Michigan
90%
Alaska
89%
Hawaii
89%
Washington
86%
Massachusetts
84%
Oregon
84%
Louisiana
79%
New York
77%
New Jersey
76%
Wisconsin
76%
Texas
75%
Ohio
70%
Maryland
69%
Connecticut
68%
Rhode Island
67%
Virginia
67%
South Carolina
65%
Delaware
64%
Alabama
63%
Arizona
63%
Minnesota
62%
Utah
62%
Illinois
57%
Indiana
57%
Georgia
54%
Maine
53%
Nevada
51%
Colorado
49%
New Mexico
49%
Mississippi
48%
North Carolina
47%
Pennsylvania
47%
Nebraska
42%
Tennessee
42%
Kansas
40%
Wyoming
40%
Vermont
36%
Iowa
35%
Idaho
33%
Montana
32%
New Hampshire
32%
Kentucky
31%
North Dakota
30%
South Dakota
30%
Oklahoma
29%
West Virginia
28%
Arkansas
22%
Missouri
21%
No matching quizzes found
Score Distribution
Percent of People with Each Score
Percentile by Number Answered
Your Score History
You have not taken this quiz